00254nam a2200121Ia 45000030006000000080041000060400015000471000019000622450013000812600009000945460012001030050017001150STCL150530s9999 xx 000 0 und d aSTCLcSTCL aIrving Wallace aAlmighty c1982 aEnglish20220125171344.0